000 00278nam a2200121Ia 4500
008 231129s9999||||xx |||||||||||||| ||spa||
040 _bspa
082 _aI823 C597e
100 _aClarke Arthur
245 0 _aExpedicion a la tierra
264 _aE.D.H.A.S.A
942 _2ddc
_cBKS
999 _c13786
_d13786